MDQL
is popping MORE tags! Check the
thread
!
Quizzes
Events
Quiz Creation
Community
Videos
Private Events
Remove Ads
Sign In
Join for FREE
Feedback
Dark Mode
Quiz Categories
Sports
Geography
Music
Movies
Television
Just For Fun
Miscellaneous
History
Literature
Language
Science
Gaming
Entertainment
Religion
Holiday
For Kids
Quiz Lab
Recent
Popular Today
Quiz Kudos Today
Editor Picks
Curator Picks
Quizzes by...
Day
Popularity
Type
Ratings
Length
Year
Community
Subscriptions
Recent Discussions
Orange Saloon
Badges
Playlists
Quests
Create
Leaderboards
Showdown
Live 5
Trivia Bingo
Activity
Puzzle Library
Sporcle Events
Private Events
Virtual Trivia
Globe League
Become a Host
Pub Owners
SporcleCon
Opinionation
Our Games
Videos
Blog
Mobile Apps
Partnerships
Remove Ads and Go Orange
Feedback
Sports
Athletes
MLB
NBA
NHL
NFL
Soccer
Sports Teams
WWE
NCAA
Football
Premier League
Basketball
Baseball
Hockey
Golf
Tennis
Cricket
Rugby
Auto Racing
Olympics
World Cup
Sports
Athletes
MLB
NBA
NHL
NFL
Soccer
Sports Teams
WWE
NCAA
Football
Premier League
Basketball
Baseball
Hockey
Golf
Tennis
Cricket
Rugby
Auto Racing
Olympics
World Cup
Random Quiz
Search Sporcle
×
Quiz Lab
Quiz Lab
Sports
WWE
Select answers by clicking on text or image buttons
Select answers by clicking on text or image buttons
Clickable
Best Score? Go Orange.
WWE Superstars by Their Song Stats
Can you pick the WWE Superstars by Their Song?
By
SteveJones313
10m
40 Questions
122 Plays
122 Plays
122 Plays
Comments
Comments
Give Quiz Kudos
Give Quiz Kudos
-
- Ratings
hide this ad
More Info
Forced Order
Answers have to be entered in order
Answers have to be entered in order
Replay
Link that replays current quiz
Next Quiz
Link to next quiz in quiz playlist
You Got
0%
They Got
Avg Score
53%
Avg Friend Score
Upgrade to see
Score Distribution
Jump to the score distribution portion of the page
Score
0/40
Timer
10:00
0
Plays Today
% Correct
Booker T
86.9%
Ryback
86.1%
Triple H
86.1%
Zack Ryder
84.4%
The Miz
83.6%
Randy Orton
82.8%
Rey Mysterio
81.1%
John Cena'
77.9%
Mr. McMahon
77.9%
R-Truth
74.6%
Dolph Ziggler
73.8%
Brodus Clay
72.1%
Kofi Kingston
71.3%
Mark Henry
69.7%
Big Show
68.9%
Ted DiBiase Jr
67.2%
CM Punk
64.8%
Damien Sandow
62.3%
Cody Rhodes
60.7%
Sheamus
60.7%
% Correct
Santino Marella
58.2%
JTG
56.6%
Camacho & Hunico
47.5%
The Great Khali
47.5%
Christian
45.9%
Alex Riley
42.6%
Antonio Cesaro
41.8%
Evan Bourne
39.3%
Jack Swagger
39.3%
Theodore Long
39.3%
Ezekiel Jackson
34.4%
Prime Time Players
27.9%
David Otunga
27.9%
The Usos (not including the Siva Tau part)
23%
3 Man Band
18.9%
Trent Barreta
15.6%
Johnny Curtis
13.9%
Wade Barret
13.9%
Michael McGillicutty
10.7%
Curt Hawkins
9.8%
Quiz Playlist
Details
Report
Send in Message
Add To Playlist
More Info:
Can you name the superstar by the first line of their entrance theme? (Quiz made November 30th 2012).
Clickable:
Select answers by clicking on text or image buttons
Forced Order:
Answers have to be entered in order
Last Updated: Feb 16, 2017
Quiz Scoreboard
CHALLENGE
Sign Up to Join the Scoreboard
Show All
Scores
Hide
Comments
May contain spoilers
Recently Published
Holiday 10x10 Sorting Gallery
by lukepisani3
Holiday
15m
Two Season TV Shows II
by 123Four
Television
10m
Image Sorting: Flags VI
by Barbecue
Geography
2m
More to Explore
Quiz From the Vault
Featured Blog Post
14 Easter Pick-up Lines to Find Eggs With
hide this ad
You Might Also Like...
Tags
Clickable Quiz
WWE Quiz
Theme Songs
Today's Top Quizzes in Sports
Browse Sports
hide this ad
Today's Top Quizzes in WWE
Browse WWE
Top Contributed Quizzes in Sports
1
Les meilleurs buteurs des matchs entre le PSG et l’OM
2
Les entraîneurs de l'OM et du PSG au 21e siècle
3
2022 World Cup Stars
4
Players with Multiple 50 Home Run Seasons
5
Les joueurs passés par le PSG et l'OM
6
FIFA Club World Cup Champions
7
Top 10 NHL Goal Scorers of All Time
8
Criteria MLB: Left Handed Sluggers
9
Les joueurs passés par le LOSC et le RC Lens
10
2023 MLB Unique Player Accomplishments
Explore More
Trending Topics
Disney
Marvel
NBA
Kpop
Harry Potter
Crossword
Anime
Puzzle
Pokémon
The Office
Country
WWE
Soccer
NFL
Song
hide this ad
More By:
SteveJones313
Quiz
Plays
Rating
Category
Featured
Created
Whose Line Is It Anyway - Missing Words
748
4.40
Television
Nov 22, 2012
WWE: The Next Lyric (Clickable)
543
3.33
Sports
Sep 1, 2012
Clickable Movie Quotes (A-Z)
372
3.00
Movies
Nov 20, 2012
AFI's Top 30 Movie Quotes...In Other Words
356
3.38
Movies
Nov 21, 2012
Every Single Royal Rumble Participant (Up To RR 2013)
274
5.00
Sports
Dec 11, 2012
Go to Creator's Profile
Score Distribution
Quiz Creator Spotlight
SteveJones313
Follow
Send a Message
Quizzes Created
-
Created Quiz Play Count
-
More By This Creator
Popular Quizzes Today
1
Find the US States - No Outlines Minefield
2
Colored Red Africa Blitz
3
Find the 'City' Movie
4
The Countries of the World
5
Find the US States
6
5x2 Blitz: Bands
7
Find the Countries of Europe - No Outlines Minefield
8
US States
More Sports Quizzes
Top 50 ppg scorers 2018-2019 NBA
Quiz Lab
Trending Quizzes
Colored Red Europe Blitz I
Colored Red Europe Blitz II
Colored Red Africa Blitz II
Colored Red Europe Blitz III
Colored Red Africa Blitz III
Recently Updated
Odd Team Out - Big 4 Players
pecheneg
Quick Pick: 20 Twenties
pecheneg
March Madness Men's Triple Doubles
pecheneg
How Do You Spell That?
pecheneg
Godzilla Movies
pecheneg
Grab Bag: 4-10 Letters
pecheneg
2024 March Madness Bracket
pecheneg
Famous TV Couples
Peacemaker
Champions League XIs: Real Madrid
pecheneg
Largest US Cities 1790-2010
pecheneg
Trending Topics
Kpop
NBA
Marvel
Crossword
Harry Potter
Anime
Disney
NFL
Soccer
Song
Pokémon
WWE
Country
The Office
Puzzle
Your Account Isn't Verified!
In order to create a playlist on Sporcle, you need to verify the email address you used during registration. Go to your
Sporcle Settings
to finish the process.
Report this User
Report this user for behavior that violates our
Community Guidelines
.
Details:
Send Report
Go to the Sporcle.com Mobile Site →
Comments